[Event "SVK-ch U14"]
[Site "Tatralandia"]
[Date "2025.05.17"]
[Round "8"]
[White "Bittner, Samuel"]
[Black "Pitak, Patrik"]
[Result "1-0"]
[WhiteElo "1587"]
[BlackElo "1580"]
[PlyCount "79"]
[EventDate "2025.05.11"]
[EventType "swiss"]
[EventRounds "9"]
[EventCountry "SVK"]
[SourceTitle "CB21_2025"]
[SourceDate "2025.05.21"]
[SourceVersion "1"]
[SourceVersionDate "2025.05.21"]
[SourceQuality "1"]

1. e4 d5 2. exd5 Qxd5 3. Nc3 Qa5 4. d4 e6 5. Nf3 Nc6 6. d5 exd5 7. Qxd5 Bb4 8. Qxa5 Bxa5 9. Bd2 Nb4 10. 0-0-0 Bf5 11. Nd4 Bg6 12. a3 Bb6 13. Ncb5 Nc6 14. Nxc6 bxc6 15. Bc3 Nf6 16. Bxf6 gxf6 17. Nd4 0-0 18. Nxc6 Bxf2 19. Bd3 Bh5 20. Rdf1 Be3+ 21. Kb1 Bg5 22. h4 Be3 23. Rxf6 Bg6 24. Bxg6 fxg6 25. Rhf1 Kg7 26. Rxf8 Rxf8 27. Rxf8 Kxf8 28. c4 Kf7 29. Kc2 Kf6 30. Kd3 Bc1 31. Nxa7 Bxb2 32. a4 Ke5 33. Nc6+ Kd6 34. Nd8 Bf6 35. Nf7+ Kc5 36. Ng5 h6 37. Ne4+ Kb4 38. Nxf6 Kxa4 39. Kd4 Kb4 40. Nd5+ 1-0

[Event "SVK-ch U14"]
[Site "Tatralandia"]
[Date "2025.05.14"]
[Round "5"]
[White "Dubjel, Gregor"]
[Black "Bittner, Samuel"]
[Result "1/2-1/2"]
[WhiteElo "1474"]
[BlackElo "1587"]
[PlyCount "65"]
[EventDate "2025.05.11"]
[EventType "swiss"]
[EventRounds "9"]
[EventCountry "SVK"]
[SourceTitle "CB21_2025"]
[SourceDate "2025.05.21"]
[SourceVersion "1"]
[SourceVersionDate "2025.05.21"]
[SourceQuality "1"]

1. e4 e5 2. Nf3 Nc6 3. Nc3 Nf6 4. d4 exd4 5. Nxd4 Bb4 6. Nxc6 bxc6 7. Bd3 0-0 8. 0-0 d5 9. Bg5 Bxc3 10. bxc3 dxe4 11. Bxf6 Qxf6 12. Bxe4 Bf5 13. Bxf5 Qxf5 14. Qd3 Qd5 15. Rfd1 Rfd8 16. c4 Qd6 17. g3 Qf6 18. Qe3 Re8 19. Qd4 Qxd4 20. Rxd4 Rad8 21. Rad1 Rxd4 22. Rxd4 Kf8 23. Kf1 Ke7 24. Ke2 Rd8 25. Rxd8 Kxd8 26. Kd3 Kd7 27. Kd4 Kd6 28. c5+ Ke6 29. g4 f6 30. Ke4 g6 31. c4 Kf7 32. Kf4 Ke6 33. Ke3 1/2-1/2

[Event "SVK-ch U12"]
[Site "Dudince"]
[Date "2023.04.22"]
[Round "8"]
[White "Livnansky, Michal"]
[Black "Bittner, Samuel"]
[Result "1-0"]
[WhiteElo "1409"]
[BlackElo "1239"]
[PlyCount "121"]
[EventDate "2023.04.16"]
[EventType "swiss"]
[EventRounds "9"]
[EventCountry "SVK"]
[SourceTitle "CBM 213 Extra"]
[Source "ChessBase"]
[SourceDate "2023.05.31"]
[SourceVersion "1"]
[SourceVersionDate "2023.05.31"]
[SourceQuality "1"]

1. e4 e5 2. Nf3 Nc6 3. d4 exd4 4. Nxd4 Bc5 5. Be3 Qf6 6. c3 Qe5 7. Nd2 Nxd4 8. cxd4 Bxd4 9. Nc4 Qxe4 10. Qxd4 Qxd4 11. Bxd4 f6 12. 0-0-0 d6 13. Ne3 Be6 14. Bc4 Bxc4 15. Nxc4 Ne7 16. Rhe1 Kd7 17. Bc3 Nc6 18. Na5 Nxa5 19. Bxa5 Rhe8 20. Kc2 b6 21. Bc3 Kc6 22. Rxe8 Rxe8 23. Re1 Rxe1 24. Bxe1 Kd5 25. Kd3 a5 26. Bd2 c5 27. Be3 b5 28. f3 f5 29. Bd2 b4 30. b3 h6 31. h4 h5 32. Bg5 a4 33. bxa4 c4+ 34. Kd2 Kc5 35. Be3+ Kc6 36. a3 bxa3 37. Kc3 d5 38. Bd4 g6 39. Kb4 Kb7 40. Kxa3 Kc7 41. Kb4 Kc6 42. f4 Kd6 43. Kb5 Kc7 44. a5 Kb7 45. a6+ Ka8 46. Kc5 Ka7 47. Kxd5+ Kxa6 48. Ke6 Kb5 49. Kf6 Kb4 50. Kxg6 c3 51. Bxc3+ Kxc3 52. Kxf5 Kd3 53. Ke5 Ke3 54. f5 Kf2 55. f6 Kxg2 56. f7 Kh3 57. f8Q Kxh4 58. Kf4 Kh3 59. Qg7 h4 60. Kf3 Kh2 61. Qg2# 1-0

[Event "SVK-ch U12"]
[Site "Dudince"]
[Date "2023.04.17"]
[Round "2"]
[White "Bittner, Samuel"]
[Black "Holecko, Samuel"]
[Result "0-1"]
[WhiteElo "1239"]
[BlackElo "1000"]
[PlyCount "80"]
[EventDate "2023.04.16"]
[EventType "swiss"]
[EventRounds "9"]
[EventCountry "SVK"]
[SourceTitle "CBM 213 Extra"]
[Source "ChessBase"]
[SourceDate "2023.05.31"]
[SourceVersion "1"]
[SourceVersionDate "2023.05.31"]
[SourceQuality "1"]

1. e4 c5 2. Nf3 d6 3. d4 cxd4 4. Nxd4 Nf6 5. Nc3 a6 6. Bc4 b5 7. Bd3 e5 8. Nf3 Be7 9. 0-0 0-0 10. Bg5 Be6 11. Nd5 Nxd5 12. exd5 Bxg5 13. Nxg5 Qxg5 14. dxe6 fxe6 15. Be4 d5 16. Bd3 Nc6 17. a4 b4 18. b3 e4 19. Be2 a5 20. Bg4 e5 21. Be6+ Kh8 22. Bxd5 Rad8 23. Re1 Ne7 24. Re2 Rxd5 25. Qe1 h6 26. Rxe4 Ng6 27. f3 Rxf3 28. Qe2 Rf4 29. Rf1 Rxf1+ 30. Kxf1 Qc1+ 31. Kf2 Rd2 32. Qxd2 Qxd2+ 33. Re2 Qf4+ 34. Kg1 Qg4 35. Rd2 e4 36. Rd4 Nf4 37. Rd2 e3 38. Rf2 Qd1+ 39. Rf1 Ne2+ 40. Kh1 Qxf1# 0-1